Countries with "and" in the title - Statistics

General Stats
  • This quiz has been taken 24 times
  • The average score is 5 of 6
Answer Stats
Answer % Correct
Trinidad and Tobago
100%
Saint Kitts and Nevis
90%
Antigua and Barbuda
81%
Bosnia and Herzegovina
76%
Saint Vincent and the Grenadines
71%
Sao Tome and Principe
57%
No matching quizzes found
Score Distribution
Percent of People with Each Score
Percentile by Number Answered
Your Score History
You have not taken this quiz